000 00294nam a2200109Ia 4500
008 200302s9999 xx 000 0 und d
100 _aC. H. Christians & Others
245 _aDynamism and Development in Rural and Urban Fringe
260 _bStar Distributors
260 _c1989
300 _a190 P.,
999 _c5658
_d5658